| 000 -Cabeçalho do registo |
| Cabeçalho |
00692nam 22002053 4500 |
| 001 - Identificador do registo |
| Campo de controlo |
32646 |
| 010 ## - Número internacional normalizado dos livros (ISBN) |
| Número (ISBN) |
0-19-857754-0 |
| 100 ## - Dados gerais de processamento |
| Dados gerais de processamento |
20260326d1992 u||y0engy50 ba |
| 101 ## - Língua de publicação |
| Língua do texto, banda sonora, etc. |
Inglês |
| 102 ## - Pais de publicação ou produção |
| País de publicação |
Reino Unido |
| 200 ## - Titulo e menção de responsabilidade |
| Título próprio |
Plant-Animal Interactions in the Marine Benthos |
| Informação de outro título |
The systematics association special |
| Primeira menção de responsabilidade |
D. M. John |
| Outras menções de responsabilidade |
S. J. Hawkins, J. H. Price |
| Indicação de volume |
46 vol. |
| 210 ## - Publicação, Distribuição, etc. |
| Lugar da edição, distribuição, etc. |
Estados Unidos América, Nova York, Toronto |
| Nome do editor, distribuidor, etc. |
Oxford University Press |
| Data da publicação, distribuição, etc. |
1992 |
| 215 ## - Descrição física |
| Indicação específica da natureza do documento e extensão da espécie |
545 p. |
| Outras indicações físicas |
il. |
| Dimensões |
25 cm |
| 345 ## - Nota informativa sobre aquisição |
| Modalidades de aquisição |
Oferta |
| 700 ## - Nome de autor-pessoa física (responsabilidade principal) |
| Palavra de ordem |
John |
| Outra parte do nome não tomada para palavra de ordem |
D. M. |
| 701 ## - Nome de autor-pessoa física (co-responsabilidade principal) |
| Palavra de ordem |
Hawkins |
| Outra parte do nome não tomada para palavra de ordem |
S. J. |
| 702 ## - Nome de autor-pessoa física (responsabilidade secundária) |
| Palavra de ordem |
Price |
| Outra parte do nome não tomada para palavra de ordem |
J. H. |
|
| Outra parte do nome não tomada para palavra de ordem |
Price |
| 710 ## - Nome de colectividade-autor (responsabilidade principal) |
| Palavra de ordem |
The systematics association special |